Arboriculture fruitière / par Joseph Vercier
Descripción Física:
VIII, 405 p. : il. ; 19 cm
Colección:
Encyclopédie des connaissances agricoles
Materias:
Fructicultura
MARC
| LEADER | 00000nam a2200000Ia 4500 | ||
|---|---|---|---|
| 001 | 15702 | ||
| 008 | 160829s1951 xx 000 0 cat d | ||
| 080 | |a C-2-314 | ||
| 100 | |a Vercier, Joseph |9 38079 | ||
| 245 | |a Arboriculture fruitière / par Joseph Vercier | ||
| 250 | |a 26ème ed., entièrement mise a jour et aug. | ||
| 260 | |a Paris : |b Hachette, |c 1951 | ||
| 300 | |a VIII, 405 p. : |b il. ; |c 19 cm | ||
| 490 | |a Encyclopédie des connaissances agricoles | ||
| 650 | |a Fructicultura |9 38080 | ||
| 901 | |a Arxiu | ||
| 942 | |n 1 | ||
| 952 | |0 0 |1 0 |4 0 |6 C2314 |7 1 |9 48239 |a Arxiu |b Arxiu |d 2016-12-01 |l 0 |o C-2-314 |p 15702 |r 2016-12-01 00:00:00 |w 2016-12-01 |y ARXIU | ||
| 999 | |c 52045 |d 52045 | ||